| 000 | 00660nam a2200229 a 4500 | ||
|---|---|---|---|
| 001 | 66837 | ||
| 003 | BD-RjUL | ||
| 005 | 20211209081601.0 | ||
| 008 | 170320s1980 nyua b 001 0 eng d | ||
| 020 | _a0471277061 : | ||
| 035 | _a(BD-RjUL)66968 | ||
| 040 |
_aDLC _cDLC _dBD-RjUL _beng |
||
| 041 | _aeng | ||
| 082 |
_a511.4 _223 _bWAA 1980 |
||
| 100 | 1 |
_aWatson, G. A. _9197906 |
|
| 245 | 1 | 0 |
_aApproximation theory and numerical methods / _cG. A. Watson. |
| 260 |
_aNew York : _bJ. Wiley & Sons, _cc1980. |
||
| 300 |
_ax, 229 p. : _bill. ; _c24 cm. |
||
| 504 | _aIncludes Bibliography and index. | ||
| 650 | 0 |
_aApproximation theory. _9153079 |
|
| 942 |
_2ddc _cBK |
||
| 999 |
_c66837 _d66837 |
||